000 00618cam a2200193 a 4500
001 000009006
005 20200929161449.0
008 750603s1973 ck a 000 0 spa
040 _aDO-SdBNP
_bspa
_cBNPHU
082 _aCo863.44
_bG216c
100 1 _aGarcía Mejía, Hernando.
_923631
245 1 0 _aCuento para soñar /
_cHernando García Mejía.
260 _aMedellín :
_bBedout,
_c1973.
300 _a155 p. :
_bil. ;
_c19 cm.
490 1 _aBolsilibros Bedout
_v133
650 4 _aCuentos infantiles colombianos
_923632
650 4 _aLiteratura infantil colombiana
_923633
830 0 _aBolsilibros Bedout ;
_v133
_93750
999 _c8770
_d8770